01691cam a22004094i 4500003000900000005001700009008004100026035002000067040003300087100003600120245025000156264001000406300002200416336002100438337002500459338002300484502005900507504002400566520045800590526001001048526001001058526000901068526000901077526000901086526000901095526000901104526000901113526000901122526000801131526000801139526000801147526000801155526000801163650003101171650004101202700003801243PE-LiUPU20250731165410.0151021s1999 pe a grm 000 0 spa d a(Sirsi) a155016 aPE-LiUPUbspacPE-LiUPUerda1 aMiranda Zárate, Juditheautor1 aFactores socioeconómicos y culturales que se relacionan con la aplicación de métodos anticonceptivos en mujeres en edad fértil de 15-45 años del Hospital de Apoyo "José Agurto Tello" de Chosica- Abril 1999 /cJudith Miranda Zárate. 0c1999. a128 hojas c30 cm atext2rdacontent aunmediated2rdamedia avolume2rdacarrier aTesisb(Lic.) -- cUniversidad Peruana Unión,d1999. aIncluye referencias3 aEste estudio tiene por objetivo determinar la relación que existe entre los factores socioeconómicos, culturales y la aplicación de los métodos anticonceptivos en mujeres de 15 a 45 años de edad, en el Hospital de Apoyo "José Agurto Tello" de Chosica, en el periodo de Abril 1999, Lima-Perú. La investigación realizada es de tipo descriptivo-transversal. La muestra estuvo conformada por 188 mujeres en edades comprendidas como fértil. aSEG44 aSEG26 aP151 aP150 aP149 aP146 aP145 aP126 aP125 aP92 aP75 aP74 aP27 aP1504aMujeresxAnticoncepción.04aAnticoncepciónxAspectos sociales.1 aPillaca Tineo, Norma Soniaeautor